000 00350nam a2200133 i 4500
001 bg
100 1 _aMierzbiczak, Józef.
245 0 _aPodstawy elektrotechniki :
_bćwiczenia rachunkowe.
_nCz. 1 /
_cJózef Mierzbiczak.
260 _aBydgoszcz,
_c1975.
040 _cBPK
041 _apol
942 _cKS
008 s pl f |000 0 pol
999 _c47118
_d47118
856 _uhttp://koha.tu.koszalin.pl/cgi-bin/koha/opac-detail.pl?biblionumber=47118
_yKatalog online BPK